000 00517pab a2200181 454500
008 180718b2000 xxu||||| |||| 00| 0 eng d
100 _aJafri, S.S.A.
245 _aA gender biased educational pattern in slums of Uttar Pradesh
260 _c2000
300 _ap.58-66
362 _aJan-Mar
650 _aEducation - India - Uttar Pradesh
650 _aSlums - India - Uttar Pradesh
650 _aWomens education - India - Uttar Pradesh
650 _aWomens education
773 _aNagarlok
909 _a45927
999 _c45927
_d45927